Statistics for Last 15 Managers of FC Barcelona

Click here to take the quiz!

General Stats

  • This quiz has been taken 365 times
    (3 since last reset)
  • The average score is 11 of 15

Answer Stats

Answer% Correct
Ernesto Valverde
100%
Hansi Flick
100%
Luis Enrique
100%
Pep Guardiola
100%
Ronald Koeman
100%
Xavi
100%
Carles Rexach
67%
Frank Rijkaard
67%
Gerardo Martino
67%
Louis van Gaal
67%
Radomir Antić
67%
Tito Vilanova
67%
Jordi Roura
33%
Quique Setién
33%
Sergi Barjuán
33%

Score Distribution

Percentile by Number Answered

Percent of People with Each Score

Your Score History

You have not taken this quiz since the last reset